01738njm a2200301Ia 450000100060000000300090000600500170001500800410003204000130007304000130008699900190009999900090011810000160012710000240014310000430016724500460021025000110025626000110026726000300027830000100030830000290031850000520034750507110039951100250111065000550113594200120119095202340120223914IT-RoPAU20220918181200.0131025s9999 xx 000 0 und d aIT-RoPAU cIT-RoPAU c102897d102897 bn.d. aAA.VV.9794 eAutore musica97459 gCodice autore musica SPICS: 120009796 aGrande aventure du western (La)-Lp Dpu 35 a1a ed. aTORINO bCETRAc1975 [1a Ed.:1975] aDISCO c64 minuti (Testo: pag.) aCanzoni del west. Musica western di autori vari aLes cavaliers du ciel (3:00) - La kermesse de l'ouest (4:00) - Rio Bravo (3:00) - O.K. Coral (3:00) - L'homme des vallees perdues (3:00) - Buffalo gals (3:00) - Les sept mercenaires (3:00) - La riviere sans retour (3:00) - Pour quelques dollars de plus (4:00) - Vera Cruz (3:00) - My Darling Clementine (3:00) - Oh Suzannah (3:00) - Il etait une fois dans l'ouest (4:00) - Les grand espaces (3:00) - Dixieland-Arkansas travellers (3:00) - Alamo (3:00) - Johnny Guitare (4:00) - Yellow Rose of Texas (2:00) - Raindrops Keep Falling On My Head (4:00) - Mule Train - Le bon, la brute et le truand (3:00) - 3H, 10 pour Yuma (4:00) - J'entends siffler le train (3:00) - Il etait une fois... la revolution (3:00) aThe Texas Travellers aWESTERN [DISCHI]eCodice MATERIA SPICS: 995097444 cMD2ddc 001040623914_00000000000000071aSPICSbSPICSd2013-10-25l0o23914r2013-10-25 00:00:00w2013-10-25yMDzProgr. Ins.: 4761 / N.Vol.: 2 / Copie: 1 - Copia rara: n.d. / date import: 01.01.2014 - By Epidotti, Trombetti, Vaglietti